000
00203 a2200097 4500
001
45661
100
_a
Mason,
245
_a
Air power
260
_a
London
_b
Brassey,s air power
_c
090
_c
28837
_d
28837
942
_a
NUST-CAE
_c
M
_c
20932
999
_c
280734
_d
280734